|
|
|
|
| LEADER |
00000cam a2200000 4500 |
| 001 |
vtls012270892 |
| 003 |
SK-MaSNL |
| 005 |
20260301170026.0 |
| 008 |
250210q2024 xo fran 100 0 slo |
| 015 |
|
|
|a SNBA2024/06
|
| 020 |
|
|
|a 9788055421490
|q (brožované)
|
| 040 |
|
|
|a SNK
|b slo
|c SNK
|e rda
|
| 041 |
0 |
|
|a slo
|a eng
|
| 044 |
|
|
|a xo
|c SK
|
| 072 |
|
7 |
|a 51
|x Matematika
|2 konspekt
|
| 080 |
|
|
|a 51
|2 2011
|
| 080 |
|
|
|a 37.091.3
|2 2011
|
| 080 |
|
|
|a (062.534)
|2 2011
|
| 080 |
|
|
|a (048.3)
|2 2011
|
| 111 |
2 |
|
|a Konferencia slovenských matematikov
|n (54. :
|d 2024 :
|c Jasná pod Chopkom, Slovensko)
|4 aut
|9 535631
|
| 245 |
1 |
0 |
|a 54. konferencia slovenských matematikov
|b 21.-24. november 2024 Jasná pod Chopkom
|c editor: Mária Kúdelčíková
|
| 246 |
3 |
|
|a Päťdesiata štvrtá konferencia slovenských matematikov
|
| 250 |
|
|
|a Vydanie prvé
|
| 264 |
|
1 |
|a [Žilina]
|b [Žilinská univerzita v Žiline]
|c 2024
|
| 300 |
|
|
|a 59 strán
|c 21 cm
|
| 366 |
|
|
|e 100 kusov
|
| 500 |
|
|
|a Vydavateľské údaje podľa NA ISBN
|
| 504 |
|
|
|a Obsahuje bibliografiu za niektorými príspevkami
|
| 546 |
|
|
|a Čiastočný text v angličtine
|
| 648 |
|
7 |
|a 2024
|2 SNKPH
|9 318269
|
| 650 |
0 |
7 |
|a matematika
|2 SNKPH
|9 70174
|
| 650 |
0 |
7 |
|a vyučovacie metódy
|2 SNKPH
|9 1521
|
| 650 |
0 |
7 |
|a Mathematics
|2 SNKPHeng
|9 265620
|
| 650 |
0 |
7 |
|a Teaching methods
|2 SNKPHeng
|9 286676
|
| 655 |
|
7 |
|a zborníky konferencií
|2 SNKPH
|9 70153
|
| 655 |
|
7 |
|a abstrakty
|2 SNKPH
|9 22516
|
| 655 |
|
7 |
|a Proceedings of conferences
|2 SNKPHeng
|9 265791
|
| 655 |
|
7 |
|a Abstracts
|2 SNKPHeng
|9 275616
|
| 700 |
1 |
|
|a Kúdelčíková, Mária,
|d 1977-
|4 edt
|9 223906
|
| 710 |
2 |
|
|a Jednota slovenských matematikov a fyzikov.
|b Pobočka Žilina
|4 pbl
|9 151169
|
| 852 |
|
|
|a Slovenská národná knižnica
|
| 919 |
|
|
|a 978-80-554-2149-0
|
| 954 |
|
|
|a odborná, vedecká literatúra pôvodná (slovenská)
|2 lita
|
| 954 |
|
|
|a odborná, vedecká literatúra cudzojazyčná (svetová)
|2 lita
|
| 958 |
|
|
|a NB
|
| 958 |
|
|
|a ZB
|
| 999 |
|
|
|c 826218
|d 828148
|
| 952 |
|
|
|a SNK
|b SNK
|c SNK_KF
|y PREZ
|7 6
|p 17A1567027
|o snkSC 210649
|i snk2025/8803
|8 0
|0 0
|1 0
|4 0
|d 2025-06-03
|l 0
|r 2026-02-24 03:21:14
|w 2026-02-24
|